00271nam a22001097a 4500020002200000082001200022100001500034245005200049260003700101300000800138650001500146 a978-1-61427-257-1 a300 WEB aWeber, Max athe Theory of Social and Economic Organization  aLondonbMartion Publishingc2012 a436 aSocialogy